000 00602nam a22001937a 4500
005 20251108165037.0
008 250721s1976 xx 000 0 ara d
082 1 4 _a956.301/يوس
100 1 _aعز الدين، يوسف
245 1 0 _aداود باشا و نهاية المماليك في العراق /
250 _aط2
264 1 _aبغداد :
_bجامعة بغداد،
_c1976.
300 _a98ص
650 1 7 _aتاريخ العراق
650 1 7 _aالقرن التاسع عشر
650 1 7 _aالإمبراطورية العثمانية 1402-1922
942 _2ddc
_cBK
999 _c20728
_d20728